Human Essece: The Sources of Science and Art (Record no. 42692)

MARC details
000 -LEADER
fixed length control field 00501nam a2200193Ia 4500
008 - FIXED-LENGTH DATA ELEMENTS--GENERAL INFORMATION
fixed length control field 220531s9999 xx 000 0 und d
041 ## - LANGUAGE CODE
Language code of text/sound track or separate title eng
082 ## - DEWEY DECIMAL CLASSIFICATION NUMBER
Item number HUM / THO
100 ## - MAIN ENTRY--PERSONAL NAME
Personal name Thomson, Geroge
9 (RLIN) 76896
245 ## - TITLE STATEMENT
Title Human Essece: The Sources of Science and Art
250 ## - EDITION STATEMENT
Edition statement 1ST
260 ## - PUBLICATION, DISTRIBUTION, ETC. (IMPRINT)
Place of publication, distribution, etc. Lucknow
Name of publisher, distributor, etc. Rahul Foundation
Date of publication, distribution, etc. 2014
300 ## - PHYSICAL DESCRIPTION
Extent 114
542 ## - INFORMATION RELATING TO COPYRIGHT STATUS
Copyright holder 20-03-2017
551 ## -
-- General
-- Grantable
650 ## - SUBJECT ADDED ENTRY--TOPICAL TERM
Topical term or geographic name as entry element General
9 (RLIN) 76897
906 ## - LOCAL DATA ELEMENT F, LDF (RLIN)
d 2016-2017
f 10701
Holdings
Withdrawn status Lost status Source of classification or shelving scheme Damaged status Not for loan Collection code Home library Current library Date acquired Vendor Cost, normal purchase price Total Checkouts Total Holds Full call number Barcode Date last seen Cost, replacement price Bill Date Koha item type Original Barcode
    Dewey Decimal Classification       Shri Siddhivinayak Mahila Mahavidyalaya Shri Siddhivinayak Mahila Mahavidyalaya 28/03/2017 Hariti 65.00   1 /HUM/THO/B/17833 SSMM-BK-17833 06/08/2022 65.00 06/08/2022 Books 010017833